Le frelon a perruque (Record no. 13737)

MARC details
000 -LEADER
campo de control de longitud fija 00751nam a2200205 i 4500
001 - NÚMERO DE CONTROL
campo de control 13737
003 - IDENTIFICADOR DE NÚMERO DE CONTROL
campo de control ES-MaACL
005 - FECHA Y HORA DE LA ÚLTIMA TRANSACCIÓN
campo de control 20230906150644.0
007 - CAMPO FIJO DE DESCRIPCIÓN FÍSICA--INFORMACIÓN GENERAL
campo de control de longitud fija t|
008 - DATOS DE LONGITUD FIJA--INFORMACIÓN GENERAL
campo de control de longitud fija 980702s1979 fr ||||1| fre d
080 ## - NÚMERO DE LA CLASIFICACIÓN DECIMAL UNIVERSAL
Número de la Clasificación Decimal Universal 820-34"18"
100 1# - ENTRADA PRINCIPAL--NOMBRE DE PERSONA
Nombre de persona Carroll, Lewis.
9 (RLIN) 35844
245 13 - MENCIÓN DEL TÍTULO
Título Le frelon a perruque
Resto del título : un chapitre inédit de "l'autre côte du miroir" /
Mención de responsabilidad, etc. par Lewis Carroll ; texte français de Bruno Roy avec une gravure et trois dessins d'Anne-Marie Soulcié.
260 ## - PUBLICACIÓN, DISTRIBUCIÓN, ETC.
Lugar de publicación, distribución, etc. Montpellier :
Nombre del editor, distribuidor, etc. Bibliothèque Artistique et Littéraire,
Fecha de publicación, distribución, etc. 1979.
300 ## - DESCRIPCIÓN FÍSICA
Extensión 46 p. :
Otras características físicas il. ;
Dimensiones 22 cm.
500 ## - NOTA GENERAL
Nota general Texto en inglés y francés.
700 1# - ENTRADA AGREGADA--NOMBRE PERSONAL
Nombre de persona Roy, Bruno.
9 (RLIN) 100196
700 1# - ENTRADA AGREGADA--NOMBRE PERSONAL
Nombre de persona Soulcié, Anne-Marie.
9 (RLIN) 107561
852 ## - LOCALIZACIÓN
Ubicación ES-MaACL
Número de control de estantería L-21086
Sublocalización o colección R.114486
Holdings
Estatus retirado Estado de pérdida Estado de daño No para préstamo Biblioteca de origen Biblioteca actual Ubicación en estantería Fecha de adquisición Fuente de adquisición Total de préstamos Signatura topográfica completa Código de barras Visto por última vez Precio de reemplazo Tipo de ítem Koha
        Biblioteca del Ateneo de Madrid Biblioteca del Ateneo de Madrid Depósito 2 17/01/2008     L-21086 1013981 23/02/2023 23/02/2023 Libro impreso